=LDR 00000nam 2200000 4500 =001 INLIS000000000028813 =005 20200917125739 =035 ##$$a 0010-061300000028813 =008 200917###########################0###### =041 ##$$a Ind =082 ##$$a 2x7.3 =090 ##$$a 2x7.3, Sya p =100 ##$$a Syamsuri =245 1#$$a Pendidikan agama islam untuk SMA kelas XII, H. Syamsuri ; editor, Arum Titismi =260 ##$$a 2007 :$b Jakarta =300 ##$$a ...jil, ilus, 25 cm =650 #4$$a Pendidikan islam =850 ##$$a NBPNMAT